Modelovanie a projektovanie systémov riadenia praktikum

Salvato in:
Dettagli Bibliografici
Autore principale: Majtán, Miroslav
Ente Autore: Vysoká škola ekonomická v Bratislave. Fakulta riadenia
Altri autori: Šimončič, Igor, Kaliský, Juraj, Tóth, Endre, Barri, Tibor, Terek, Milan
Natura: Libro
Lingua:slovacco
Pubblicazione: Bratislava Edičné stredisko VŠE 1989
Edizione:1. vyd.
Soggetti:
Tags: Aggiungi Tag
Nessun Tag, puoi essere il primo ad aggiungerne!!

MARC

LEADER 00000nam a2200000 4500
001 c033114
005 20230116104645.7
041 0 |a slo 
044 |a SK 
245 1 0 |a Modelovanie a projektovanie systémov riadenia  |b praktikum  |c Miroslav Majtán a kol. 
250 |a 1. vyd. 
264 1 |a Bratislava  |b Edičné stredisko VŠE  |c 1989 
300 |a 281 s. 
610 2 0 |a systémy riadenia 
610 2 0 |a modelovanie systémov riadiacich 
610 2 0 |a projektovanie 
100 1 |a Majtán, Miroslav 
700 1 |a Šimončič, Igor 
700 1 |a Kaliský, Juraj 
700 1 |a Tóth, Endre 
700 1 |a Barri, Tibor 
700 1 |a Terek, Milan 
710 2 |a Vysoká škola ekonomická v Bratislave. Fakulta riadenia